01486nam a2200349 c 450000100060000000300100000600500170001600700030003300800410003602000180007704000350009504100130013008200200014310000360016324501700019924600660036925000230043526400430045830000420050133600270054333700330057033800280060349000830063152100520071453400640076654500780083065000590090865000560096765000480102370000360107170000290110759471CO-BoRNBP20251016145919.0ta221202s2022 ck a br 000 0dspa d a9786289528992 aCO-BoRNBPbspaerdacCO-BoRNBP1 aspahita04a177.1bF67d222 aFornasari, Eleonorad1985-eaut10a10 ideas para salvar el mundo con el poder de la amabilidad /ctexto de Eleonora Fornasari ; ilustraciones de Clarissa Corradin ; traducción de Pau Sanchis Ferrer.33aDiez ideas para salvar el mundo con el poder de la amabilidad aEdición especial 1aBogotá, Colombia :bLobolunar,c2022 a39 páginas :bilustraciones a color atextobtxt2rdacontent asin mediaciónbn2rdamedia avolumenbnc2rdacarrier0 aPlan Nacional de Lectura y Escritura Leer es mi Cuento / Ministerio de Cultura aRecomendado para un público mayor de 9 años t10 idee per salvare il mondo con il potere della gentilezza aIncluye datos biográficos de la autora e ilustradora al final del texto07aCortesía en la literaturaxLiteratura infantil2LEMB07aRespeto por las personasxLiteratura infantil2lemb07aValores socialesxLiteratura infantil2LEMB1 aCorradin, Clarissa,d1992-eill aSanchis Ferrer, Pauetrl